000 01563nam a2200373 c 4500
003 BLK
005 20180420230527.0
008 180409b bul|||||r ||||||| ||bul||
010 _aKNG00113323000
020 _a954-8496-51-8
_bиздат.: ДИОНИС
040 _aBLK
041 _aBUL
_cBUL
080 _aДекоративни растения. Декоративно градинарство
_b635.9
_x(035)
_z635.9(035)
100 1 _aХаберер, Мартин
_eпърви автор
_9135318
139 _aХаберер, Мартин
_bХ 12
245 1 0 _a[Триста и петдесет] 350 стайни растения за жилищното пространство и за зимната градина
_cМартин Хаберер.
257 _aDEU
260 София
_bДИОНИС
_c2004
_fСофия : Д. Благоев
300 _a192 с.
_bс цв. ил.
_c20 см
380 _a63
490 1 _aАтлас
500 _aБез сведение за ориг. загл. - Библиогр. с. 192. - Азб. показалец.
650 4 _aЦветя - стайно отглеждане
_9263949
650 4 _aДекоративни растения - наръчници и ръководства
_9242106
653 _aцветя
653 _aдекоративни растения
653 _aстайни растения
653 _aнаръчници
852 _aЦб 219744
856 4 _qpdf
_u
856 4 _qpdf
_u
942 _cKNG
_n0
944 _aCR
_c01.06.2004
_lф /
_kМилена_Ачева
944 _aED
_c13.09.2012
_lф /
_k
999 _c108025
_d108025